000 00622nam a2200205Ia 4500
005 20250508165014.0
008 008 250505s9999 xx 000 0 eng d
020 _a81-7541-353-5
037 _aTextual
040 _aFEDL
_beng
_cFEDL
041 _aeng
_2eng
084 _a379.11, TIL
_qFEDL
100 _aTilak Jandhyala B G Ed.
245 0 _aFinancing of secondary education in India: Grants-in-aid policies and practices in states
260 _aDelhi, India
_bShipra Publications
_c2008
300 _axx,392p.
365 _aINR
_b1995
942 _cTEXL
_h379.11, TIL
999 _c1392606
_d1392606